LEADER 01420nam a2200301 a 4500 001 000000147442 003 CaOOAMICUS 005 20151117141055.0 008 151117s1938 it a u000 u ita r 032 $aLibriCat 040 $aPUL$bita 041 1 $aita$hlat 100 0 $aIacobus de Voragine,$cb.,$dca. 1229-1298.$0(OLS)http://pul/name/71547 245 13$aLa leggenda aurea :$b184 santi presentati secondo ciò che ne pensa e ne crede il popolo, l'arte, il culto /$cJacopo da Varagine ; traduzione di D. Oscar Righi. 260 $aRoma ; Alba ; Catania :$bPia Società San Paolo,$c1938. 300 $aXV, 575 p. :$bill. ;$c24 cm. 650 4$aSanti$xBiografia$xRaccolte.$0(OLS)http://pul/subject/27595 700 1 $aRighi, Oscar,$csac.$0(OLS)http://pul/name/35905 850 $aPUL 852 $aPUL$W1$xDP1 Religione 1$y20$m642 P 29$j170400$qStampati$B171179$CPULBib$Z2$F171179 $81 900 $aJacobus de Voragine,$cb.,$dca. 1229-1298$971547 900 $aJacopo da Varazze,$cb.,$d1229-1298$971547 900 $aGiacomo da Varagine,$cb.,$dca. 1229-1298$971547 941 1 $a8 961 $aDedica autografa dell?autore 996 $6245$aLa leggenda aurea :$b184 santi presentati secondo ciò che ne pensa e ne crede il popolo, l'arte, il culto$9(OLS)http://pul/title/186105 996 $6260$aRoma ; Alba ; Catania :$bPia Società San Paolo$9(OLS)http://pul/publisher/76637 LEADER 01173nam a2200241 u 4500 001 000000114522 003 CaOOAMICUS 005 20090210131706.0 008 090210s2004 it u000 u ita u 040 $aPUL$bita$dLDB 100 1 $aAriosto, Ludovico,$d1474-1533.$0(OLS)http://pul/name/10052 245 10$aOrlando furioso /$cLudovico Ariosto ; a cura di Lanfranco Caretti. 260 $aRoma :$bIstituto della Enciclopedia Italiana fondata da Giovanni Treccani,$cc2004. 300 $a1248 p. ;$c23 cm. 490 1 $aLa Letteratura italiana (Ricciardi).$aStoria e testi ;$v19 500 $aRistampa dell'edizione Ricciardi. 700 1 $aCaretti, Lanfranco,$d1915-1995.$0(OLS)http://pul/name/56868 830 3$aLa Letteratura italiana (Ricciardi).$pStoria e testi ;$v19.$0(OLS)http://pul/title/8446 850 $aPUL 852 $aPUL$W1$xSL Cons. Gen., Altre Classi 3$y75$m850 ENC 1.19$j130890$qDDC 21$B129934$CPULBib$Z2$F129934 $H109531 $82 941 1 $a9 996 $6245$aOrlando furioso$9(OLS)http://pul/title/132038 996 $6260$aRoma :$bIstituto della Enciclopedia Italiana fondata da Giovanni Treccani$9(OLS)http://pul/publisher/50662